Atatürk'ün okuduğu kitaplar (Record no. 2957)
[ view plain ]
| 000 -BAŞLIK | |
|---|---|
| Sabit Uzunlukta Kontrol Alanı | 01589na a2200517 4500 |
| 001 - KONTROL NUMARASI | |
| Denetim Alanı | 13529 |
| 003 - KONTROL NUMARASI IDENTIFIER | |
| Denetim Alanı | MIRAKIL |
| 005 - SON İŞLEM TARİHİ VE ZAMANI | |
| Denetim Alanı | 20181213154914.0 |
| 008 - SABİT-BOY VERİ ELEMANLARI - GENEL BİLGİLER | |
| Sabit Uzunlukta Kontrol Alanı | 160828b tu 000 0 |
| 020 ## - ULUSLARARASI STANDART KİTAP NUMARASI | |
| Uluslararası Standart Kitap Numarası | 9758563378 (c.24) |
| 020 ## - ULUSLARARASI STANDART KİTAP NUMARASI | |
| Uluslararası Standart Kitap Numarası | 975856336X (c.23) |
| 020 ## - ULUSLARARASI STANDART KİTAP NUMARASI | |
| Uluslararası Standart Kitap Numarası | 9758563343 (c22) |
| 020 ## - ULUSLARARASI STANDART KİTAP NUMARASI | |
| Uluslararası Standart Kitap Numarası | 9758563343 (c.21) |
| 020 ## - ULUSLARARASI STANDART KİTAP NUMARASI | |
| Uluslararası Standart Kitap Numarası | 9758563122 (c.20) |
| 020 ## - ULUSLARARASI STANDART KİTAP NUMARASI | |
| Uluslararası Standart Kitap Numarası | 9758563114 (c.19) |
| 020 ## - ULUSLARARASI STANDART KİTAP NUMARASI | |
| Uluslararası Standart Kitap Numarası | 9758563106 (c.18) |
| 020 ## - ULUSLARARASI STANDART KİTAP NUMARASI | |
| Uluslararası Standart Kitap Numarası | 9758563092 (c.17) |
| 020 ## - ULUSLARARASI STANDART KİTAP NUMARASI | |
| Uluslararası Standart Kitap Numarası | 9758563084 (c.16) |
| 020 ## - ULUSLARARASI STANDART KİTAP NUMARASI | |
| Uluslararası Standart Kitap Numarası | 9758563076 (c.15) |
| 020 ## - ULUSLARARASI STANDART KİTAP NUMARASI | |
| Uluslararası Standart Kitap Numarası | 9758563068 (c.14) |
| 020 ## - ULUSLARARASI STANDART KİTAP NUMARASI | |
| Uluslararası Standart Kitap Numarası | 975856305X (c.13) |
| 020 ## - ULUSLARARASI STANDART KİTAP NUMARASI | |
| Uluslararası Standart Kitap Numarası | 9758563041 (c.12) |
| 020 ## - ULUSLARARASI STANDART KİTAP NUMARASI | |
| Uluslararası Standart Kitap Numarası | 9758563033 (c.11) |
| 020 ## - ULUSLARARASI STANDART KİTAP NUMARASI | |
| Uluslararası Standart Kitap Numarası | 9758563025 (c.10) |
| 020 ## - ULUSLARARASI STANDART KİTAP NUMARASI | |
| Uluslararası Standart Kitap Numarası | 9758563017 (c.9) |
| 020 ## - ULUSLARARASI STANDART KİTAP NUMARASI | |
| Uluslararası Standart Kitap Numarası | 9758563009 (c.8) |
| 020 ## - ULUSLARARASI STANDART KİTAP NUMARASI | |
| Uluslararası Standart Kitap Numarası | 9759583593 (c.7) |
| 020 ## - ULUSLARARASI STANDART KİTAP NUMARASI | |
| Uluslararası Standart Kitap Numarası | 9759583585 (c.6) |
| 020 ## - ULUSLARARASI STANDART KİTAP NUMARASI | |
| Uluslararası Standart Kitap Numarası | 9759583577 (c.5) |
| 020 ## - ULUSLARARASI STANDART KİTAP NUMARASI | |
| Uluslararası Standart Kitap Numarası | 9759583569 (c.4) |
| 020 ## - ULUSLARARASI STANDART KİTAP NUMARASI | |
| Uluslararası Standart Kitap Numarası | 9759583550 (c.3) |
| 020 ## - ULUSLARARASI STANDART KİTAP NUMARASI | |
| Uluslararası Standart Kitap Numarası | 9759583542 (c.2) |
| 020 ## - ULUSLARARASI STANDART KİTAP NUMARASI | |
| Uluslararası Standart Kitap Numarası | 9759583534 (c.1) |
| 020 ## - ULUSLARARASI STANDART KİTAP NUMARASI | |
| Uluslararası Standart Kitap Numarası | 9759583526 (tk.) |
| 035 ## - SİSTEM KONTROL NUMARASI | |
| Sistem Kontrol Numarası | 13529 |
| 040 ## - KATALOGLAMA KAYNAK | |
| Orijinal Kataloglama Ajansı | Milas |
| Kataloglama Dili | tur |
| Metne Dönüştürmek Ajansı | TR-AnCHP |
| 082 ## - DEWEY ONLU SINIFLANDIRMA NUMARASI | |
| Sınıflandırma Numarası | ATA 011 |
| Ürün Numarası | A72 2001 |
| 090 ## - SINIFLAMA NUMARASI | |
| Sınıflama Numarası | ATA 011 A72 2001 |
| 245 ## - BAŞLIK TABLOSU | |
| Başlık | Atatürk'ün okuduğu kitaplar |
| Başlığın Kalan | "altını çizdiği satırları, özel işaretleri, uyarıları, düştüğü notlar ve kitap içerisindeki özel yazıları ile" |
| 260 ## - YAYIN, DAĞITIM, VB | |
| Yayın, Dağıtım, Vb Yeri | Ankara |
| Yayıncı, Dağıtıcı, Vs Adı | Anıtkabir Derneği |
| Yayın, Dağıtım, Vb Tarihi | 2001 |
| 300 ## - FİZİKSEL TANIM | |
| Kapsam | 24 c. |
| Boyutlar | 21 sm. |
| 490 ## - SERİSİ TABLOSU | |
| Seri Beyanı | Anıtkabir Derneği Yayınları |
| Hacim / Ardışık Tanımı | I |
| 600 ## - KONU KATMA GİRİŞ - KURUMSAL ADI | |
| Kişisel Ad | Atatürk, Mustafa Kemal |
| Bir Adıyla İlişkilendirilen Tarihler | 1881-1938 |
| Genel Alt Bölümü | Okuma |
| 650 ## - KONU KATMA GİRİŞ - TOPİKAL DÖNEM | |
| Topikal Süreli Veya Coğrafi Ad Giriş Elemanı | Kitaplar ve okuma |
| Genel Alt Bölümü | Atatürk, Mustafa Kemal |
| 942 ## - EKLENDİ GİRİŞ ELEMANLARI (KOHA) | |
| Sınıflandırma Veya Raf Düzeni Kaynak | |
| Koha Öğesi Türü | Books |
| 999 ## - SİSTEM KONTROL NUMARALARI (KOHA) | |
| Koha Biblionumber | 2957 |
| Koha Biblioitemnumber | 2957 |
| Kalıcı Konum | Mevcut Konum | Edinme Tarihi | Edinim Kaynak | Toplam Check-Out'Lar | Tam Çağrı Numarası | Barkod | Tarih Son Görülme | İtibaren Geçerli Fiyatlar | Koha Öğesi Türü | Seri Numaralandırma / Kronolojik | Kopya Sayısı |
|---|---|---|---|---|---|---|---|---|---|---|---|
| CHP Kütüphanesi | CHP Kütüphanesi | 08/15/2016 | Bağış | ATA 011 A72 2001 | 000958 | 08/15/2016 | 08/15/2016 | Books | |||
| CHP Kütüphanesi | CHP Kütüphanesi | 08/17/2016 | Bağış | ATA 011 A72 2001 | 000959 | 08/17/2016 | 08/17/2016 | Books | |||
| CHP Kütüphanesi | CHP Kütüphanesi | 08/17/2016 | Bağış | ATA 011 A72 2001 | 000960 | 08/17/2016 | 08/17/2016 | Books | c.2 | ||
| CHP Kütüphanesi | CHP Kütüphanesi | 08/17/2016 | Bağış | ATA 011 A72 2001 | 000961 | 08/17/2016 | 08/17/2016 | Books | c.3 | ||
| CHP Kütüphanesi | CHP Kütüphanesi | 08/17/2016 | Bağış | ATA 011 A72 2001 | 000962 | 08/17/2016 | 08/17/2016 | Books | c.4 | ||
| CHP Kütüphanesi | CHP Kütüphanesi | 08/17/2016 | Bağış | ATA 011 A72 2001 | 000963 | 08/17/2016 | 08/17/2016 | Books | c.5 | ||
| CHP Kütüphanesi | CHP Kütüphanesi | 08/17/2016 | Bağış | ATA 011 A72 2001 | 000964 | 08/17/2016 | 08/17/2016 | Books | c.6 | ||
| CHP Kütüphanesi | CHP Kütüphanesi | 08/17/2016 | Bağış | ATA 011 A72 2001 | 000965 | 08/17/2016 | 08/17/2016 | Books | c.7 | ||
| CHP Kütüphanesi | CHP Kütüphanesi | 08/17/2016 | Bağış | ATA 011 A72 2001 | 000966 | 08/17/2016 | 08/17/2016 | Books | c.8 | ||
| CHP Kütüphanesi | CHP Kütüphanesi | 08/17/2016 | Bağış | ATA 011 A72 2001 | 000967 | 08/17/2016 | 08/17/2016 | Books | c.9 | ||
| CHP Kütüphanesi | CHP Kütüphanesi | 08/17/2016 | Bağış | ATA 011 A72 2001 | 000968 | 08/17/2016 | 08/17/2016 | Books | c.10 | ||
| CHP Kütüphanesi | CHP Kütüphanesi | 08/17/2016 | Bağış | ATA 011 A72 2001 | 000969 | 08/17/2016 | 08/17/2016 | Books | c.11 | ||
| CHP Kütüphanesi | CHP Kütüphanesi | 08/17/2016 | Bağış | ATA 011 A72 2001 | 000970 | 08/17/2016 | 08/17/2016 | Books | c.12 | ||
| CHP Kütüphanesi | CHP Kütüphanesi | 08/17/2016 | Bağış | ATA 011 A72 2001 | 000971 | 08/17/2016 | 08/17/2016 | Books | c.13 | ||
| CHP Kütüphanesi | CHP Kütüphanesi | 08/17/2016 | Bağış | ATA 011 A72 2001 | 000972 | 08/17/2016 | 08/17/2016 | Books | c.14 | ||
| CHP Kütüphanesi | CHP Kütüphanesi | 08/17/2016 | Bağış | ATA 011 A72 2001 | 000973 | 08/17/2016 | 08/17/2016 | Books | c.15 | ||
| CHP Kütüphanesi | CHP Kütüphanesi | 08/17/2016 | Bağış | ATA 011 A72 2001 | 000974 | 08/17/2016 | 08/17/2016 | Books | c.16 | ||
| CHP Kütüphanesi | CHP Kütüphanesi | 08/17/2016 | Bağış | ATA 011 A72 2001 | 000975 | 08/17/2016 | 08/17/2016 | Books | c.17 | ||
| CHP Kütüphanesi | CHP Kütüphanesi | 08/17/2016 | Bağış | ATA 011 A72 2001 | 000976 | 08/17/2016 | 08/17/2016 | Books | c.18 | ||
| CHP Kütüphanesi | CHP Kütüphanesi | 08/17/2016 | Bağış | ATA 011 A72 2001 | 000977 | 08/17/2016 | 08/17/2016 | Books | c.19 | ||
| CHP Kütüphanesi | CHP Kütüphanesi | 08/17/2016 | Bağış | ATA 011 A72 2001 | 000978 | 08/17/2016 | 08/17/2016 | Books | c.20 | ||
| CHP Kütüphanesi | CHP Kütüphanesi | 08/17/2016 | Bağış | ATA 011 A72 2001 | 000979 | 08/17/2016 | 08/17/2016 | Books | c.21 | ||
| CHP Kütüphanesi | CHP Kütüphanesi | 08/17/2016 | Bağış | ATA 011 A72 2001 | 000980 | 08/17/2016 | 08/17/2016 | Books | c.22 | ||
| CHP Kütüphanesi | CHP Kütüphanesi | 08/17/2016 | Bağış | ATA 011 A72 2001 | 000981 | 08/17/2016 | 08/17/2016 | Books | c.23 | ||
| CHP Kütüphanesi | CHP Kütüphanesi | 09/17/2016 | Bağış | ATA 011 A72 2001 | 006033 | 09/17/2016 | 09/17/2016 | Books | c.24 | k.2 | |
| CHP Kütüphanesi | CHP Kütüphanesi | 09/17/2016 | Bağış | ATA 011 A72 2001 | 006034 | 09/17/2016 | 09/17/2016 | Books | c.2 | k.2 | |
| CHP Kütüphanesi | CHP Kütüphanesi | 09/17/2016 | Bağış | ATA 011 A72 2001 | 006035 | 09/17/2016 | 09/17/2016 | Books | c.3 | k.2 | |
| CHP Kütüphanesi | CHP Kütüphanesi | 09/17/2016 | Bağış | ATA 011 A72 2001 | 006036 | 09/17/2016 | 09/17/2016 | Books | c.4 | k.2 | |
| CHP Kütüphanesi | CHP Kütüphanesi | 09/17/2016 | Bağış | ATA 011 A72 2001 | 006037 | 09/17/2016 | 09/17/2016 | Books | c.5 | k.2 | |
| CHP Kütüphanesi | CHP Kütüphanesi | 09/17/2016 | Bağış | ATA 011 A72 2001 | 006038 | 09/17/2016 | 09/17/2016 | Books | c.6 | k.2 | |
| CHP Kütüphanesi | CHP Kütüphanesi | 09/17/2016 | Bağış | ATA 011 A72 2001 | 006039 | 09/17/2016 | 09/17/2016 | Books | c.7 | k.2 | |
| CHP Kütüphanesi | CHP Kütüphanesi | 09/17/2016 | Bağış | ATA 011 A72 2001 | 006040 | 09/17/2016 | 09/17/2016 | Books | c.8 | k.2 | |
| CHP Kütüphanesi | CHP Kütüphanesi | 09/17/2016 | Bağış | ATA 011 A72 2001 | 006041 | 09/17/2016 | 09/17/2016 | Books | c.9 | k.2 | |
| CHP Kütüphanesi | CHP Kütüphanesi | 09/17/2016 | Bağış | ATA 011 A72 2001 | 006042 | 09/17/2016 | 09/17/2016 | Books | c.10 | k.2 | |
| CHP Kütüphanesi | CHP Kütüphanesi | 09/17/2016 | Bağış | ATA 011 A72 2001 | 006043 | 09/17/2016 | 09/17/2016 | Books | c.11 | k.2 | |
| CHP Kütüphanesi | CHP Kütüphanesi | 09/17/2016 | Bağış | ATA 011 A72 2001 | 006044 | 09/17/2016 | 09/17/2016 | Books | c.12 | k.2 | |
| CHP Kütüphanesi | CHP Kütüphanesi | 09/17/2016 | Bağış | ATA 011 A72 2001 | 006045 | 09/17/2016 | 09/17/2016 | Books | c.13 | k.2 | |
| CHP Kütüphanesi | CHP Kütüphanesi | 09/17/2016 | Bağış | ATA 011 A72 2001 | 006046 | 09/17/2016 | 09/17/2016 | Books | c.14 | k.2 | |
| CHP Kütüphanesi | CHP Kütüphanesi | 09/17/2016 | Bağış | ATA 011 A72 2001 | 006047 | 09/17/2016 | 09/17/2016 | Books | c.15 | k.2 | |
| CHP Kütüphanesi | CHP Kütüphanesi | 09/17/2016 | Bağış | ATA 011 A72 2001 | 006048 | 09/17/2016 | 09/17/2016 | Books | c.16 | k.2 | |
| CHP Kütüphanesi | CHP Kütüphanesi | 09/17/2016 | Bağış | ATA 011 A72 2001 | 006049 | 09/17/2016 | 09/17/2016 | Books | c.17 | k.2 | |
| CHP Kütüphanesi | CHP Kütüphanesi | 09/17/2016 | Bağış | ATA 011 A72 2001 | 006050 | 09/17/2016 | 09/17/2016 | Books | c.18 | k.2 | |
| CHP Kütüphanesi | CHP Kütüphanesi | 09/17/2016 | Bağış | ATA 011 A72 2001 | 006051 | 09/17/2016 | 09/17/2016 | Books | c.19 | k.2 | |
| CHP Kütüphanesi | CHP Kütüphanesi | 09/17/2016 | Bağış | ATA 011 A72 2001 | 006052 | 09/17/2016 | 09/17/2016 | Books | c.20 | k.2 | |
| CHP Kütüphanesi | CHP Kütüphanesi | 09/17/2016 | Bağış | ATA 011 A72 2001 | 006053 | 09/17/2016 | 09/17/2016 | Books | c.21 | k.2 | |
| CHP Kütüphanesi | CHP Kütüphanesi | 09/17/2016 | Bağış | ATA 011 A72 2001 | 006054 | 09/17/2016 | 09/17/2016 | Books | c.22 | k.2 | |
| CHP Kütüphanesi | CHP Kütüphanesi | 09/17/2016 | Bağış | ATA 011 A72 2001 | 006055 | 09/17/2016 | 09/17/2016 | Books | c.23 | k.2 | |
| CHP Kütüphanesi | CHP Kütüphanesi | 09/17/2016 | Bağış | ATA 011 A72 2001 | 006056 | 09/17/2016 | 09/17/2016 | Books | c.24 | k.2 | |
| Parti Okulu Kütüphanesi | Parti Okulu Kütüphanesi | 02/27/2024 | ATA 011 A72 2001 c.1 | 21167 | 02/27/2024 | 02/27/2024 | Books | c.1 | |||
| Parti Okulu Kütüphanesi | Parti Okulu Kütüphanesi | 02/27/2024 | ATA 011 A72 2001 c.2 | 21168 | 02/27/2024 | 02/27/2024 | Books | c.2 | |||
| Parti Okulu Kütüphanesi | Parti Okulu Kütüphanesi | 02/27/2024 | ATA 011 A72 2001 c.3 | 21169 | 02/27/2024 | 02/27/2024 | Books | c.3 | |||
| Parti Okulu Kütüphanesi | Parti Okulu Kütüphanesi | 02/27/2024 | ATA 011 A72 2001 c.4 | 21170 | 02/27/2024 | 02/27/2024 | Books | c.4 | |||
| Parti Okulu Kütüphanesi | Parti Okulu Kütüphanesi | 02/27/2024 | ATA 011 A72 2001 c.5 | 21171 | 02/27/2024 | 02/27/2024 | Books | c.5 | |||
| Parti Okulu Kütüphanesi | Parti Okulu Kütüphanesi | 02/27/2024 | ATA 011 A72 2001 c.6 | 21172 | 02/27/2024 | 02/27/2024 | Books | c.6 | |||
| Parti Okulu Kütüphanesi | Parti Okulu Kütüphanesi | 02/27/2024 | ATA 011 A72 2001 c.7 | 21173 | 02/27/2024 | 02/27/2024 | Books | c.7 | |||
| Parti Okulu Kütüphanesi | Parti Okulu Kütüphanesi | 02/27/2024 | ATA 011 A72 2001 c.8 | 21174 | 02/27/2024 | 02/27/2024 | Books | c.8 | |||
| Parti Okulu Kütüphanesi | Parti Okulu Kütüphanesi | 02/27/2024 | ATA 011 A72 2001 c.9 | 21175 | 02/27/2024 | 02/27/2024 | Books | c.9 | |||
| Parti Okulu Kütüphanesi | Parti Okulu Kütüphanesi | 02/27/2024 | ATA 011 A72 2001 c.10 | 21176 | 02/27/2024 | 02/27/2024 | Books | c.10 | |||
| Parti Okulu Kütüphanesi | Parti Okulu Kütüphanesi | 02/27/2024 | ATA 011 A72 2001 c.11 | 21177 | 02/27/2024 | 02/27/2024 | Books | c.11 | |||
| Parti Okulu Kütüphanesi | Parti Okulu Kütüphanesi | 02/27/2024 | ATA 011 A72 2001 c.12 | 21178 | 02/27/2024 | 02/27/2024 | Books | c.12 | |||
| Parti Okulu Kütüphanesi | Parti Okulu Kütüphanesi | 02/27/2024 | ATA 011 A72 2001 c.13 | 21179 | 02/27/2024 | 02/27/2024 | Books | c.13 | |||
| Parti Okulu Kütüphanesi | Parti Okulu Kütüphanesi | 02/27/2024 | ATA 011 A72 2001 c.14 | 21180 | 02/27/2024 | 02/27/2024 | Books | c.14 | |||
| Parti Okulu Kütüphanesi | Parti Okulu Kütüphanesi | 02/27/2024 | ATA 011 A72 2001 c.15 | 21181 | 02/27/2024 | 02/27/2024 | Books | c.15 | |||
| Parti Okulu Kütüphanesi | Parti Okulu Kütüphanesi | 02/27/2024 | ATA 011 A72 2001 c.16 | 21182 | 02/27/2024 | 02/27/2024 | Books | c.16 | |||
| Parti Okulu Kütüphanesi | Parti Okulu Kütüphanesi | 02/27/2024 | ATA 011 A72 2001 c.17 | 21183 | 02/27/2024 | 02/27/2024 | Books | c.17 | |||
| Parti Okulu Kütüphanesi | Parti Okulu Kütüphanesi | 02/27/2024 | ATA 011 A72 2001 c.18 | 21184 | 02/27/2024 | 02/27/2024 | Books | c.18 | |||
| Parti Okulu Kütüphanesi | Parti Okulu Kütüphanesi | 02/27/2024 | ATA 011 A72 2001 c.19 | 21185 | 02/27/2024 | 02/27/2024 | Books | c.19 | |||
| Parti Okulu Kütüphanesi | Parti Okulu Kütüphanesi | 02/27/2024 | ATA 011 A72 2001 c.20 | 21186 | 02/27/2024 | 02/27/2024 | Books | c.20 | |||
| Parti Okulu Kütüphanesi | Parti Okulu Kütüphanesi | 02/27/2024 | ATA 011 A72 2001 c.21 | 21187 | 02/27/2024 | 02/27/2024 | Books | c.21 | |||
| Parti Okulu Kütüphanesi | Parti Okulu Kütüphanesi | 02/27/2024 | ATA 011 A72 2001 c.22 | 21188 | 02/27/2024 | 02/27/2024 | Books | c.22 | |||
| Parti Okulu Kütüphanesi | Parti Okulu Kütüphanesi | 02/27/2024 | ATA 011 A72 2001 c.23 | 21189 | 02/27/2024 | 02/27/2024 | Books | c.23 | |||
| Parti Okulu Kütüphanesi | Parti Okulu Kütüphanesi | 02/27/2024 | ATA 011 A72 2001 c.24 | 21190 | 02/27/2024 | 02/27/2024 | Books | c.24 |
